Statistiques concernant Paroles - Je ne t'aime plus - Manu Chao

Cliquez ici pour prendre le quiz!

Statistiques générales

  • Ce quiz a été pris 175 fois
  • Le résultat moyen est 164 sur 180

Statistiques - réponses

Paroles% Correct
amour
100%
Je
100%
mon
100%
ne
100%
plus,
100%
plus
100%
t'aime
100%
les
97%
jours)
96%
jours
96%
(tous
96%
tous
96%
te
76%
jamais
70%
pour
70%
j'ai
69%
voir
66%
revoir
63%
Parfois
62%
rien
62%
j'aimerais
60%
savoir
59%
mourir
56%
croire
52%
avoir
51%
tellement
51%
d'espoir
48%
y'a
47%
voulu
44%

Distribution des résultats

Percentile par nombre de réponses

% des personnes avec chaque résultat

Votre développement - résultats

Vous n’avez pas pris ce quiz